000 00330nam a2200133Ia 4500
008 191201s2009 xx 000 0 und d
082 _a005.73
_bKUD
100 _aKUMAR, Ajay
245 0 _aData structure for C Programming
250 _aRep
260 _c2009
_bLaxmi Publications
_aNEW DELHI
300 _a290
942 _2ddc
_cBK
_03
999 _c7801
_d7801